| 000 | 00462ntaaa2200169 4500 | ||
|---|---|---|---|
| 003 | 01 | ||
| 005 | 20251027203045.0 | ||
| 008 | 0714s1973 ag 01 | ||
| 040 |
_aAR-BaBN _bspa _cAR-BaBN _eaacr _dRIC |
||
| 082 | _a920.0000 P42r | ||
| 100 |
_aPerón, Eva Duarte de _931738 |
||
| 245 | _aLa razón de mi vida | ||
| 260 |
_aBuenos Aires : _bEdiciones de la Reconstrucción, _c1973 |
||
| 300 |
_a254 p. ; _cfotos; 18 cm |
||
| 650 | _aArgentina--Historia | ||
| 942 | _cBK | ||
| 999 |
_c25931 _d25931 |
||